Honduras. Autoridad civil-poder militar: violaciones de los derechos humanos en la década de 1980

Gespeichert in:
Bibliographische Detailangaben
Körperschaft: Amnistía Internacional
Format: Text
Veröffentlicht: Londres: Amnistía Internacional
Tags: Tag hinzufügen
Keine Tags, Fügen Sie den ersten Tag hinzu!

MARC

LEADER 00000 a a2200000 04500
001 21193
003
040
090 |a 092300  
110 |a Amnistía Internacional  
245 |a Honduras. Autoridad civil-poder militar: violaciones de los derechos humanos en la década de 1980  
260 |a Londres:   |b Amnistía Internacional  
300 |a 59 p.  
999 |c 10229  |d 10229